Микроскопическое определение прозрачных минералов / (Record no. 40863)
[ view plain ]
| 000 -LEADER | |
|---|---|
| fixed length control field | 01513nam a2200313 a 4500 |
| 001 - CONTROL NUMBER | |
| control field | 000123862 |
| 003 - CONTROL NUMBER IDENTIFIER | |
| control field | AM-YEHGA |
| 005 - DATE AND TIME OF LATEST TRANSACTION | |
| control field | 20250617122613.0 |
| 008 - FIXED-LENGTH DATA ELEMENTS--GENERAL INFORMATION | |
| fixed length control field | 980911s1987 ru ||||gr|||||||||0|rus|d |
| 040 ## - CATALOGING SOURCE | |
| Original cataloging agency | AM-YeHGA |
| 041 1# - LANGUAGE CODE | |
| Language code of text/sound track or separate title | rus |
| Language code of original | eng |
| 090 ## - LOCALLY ASSIGNED LC-TYPE CALL NUMBER (OCLC); LOCAL CALL NUMBER (RLIN) | |
| -- | 41529 |
| 100 1# - MAIN ENTRY--PERSONAL NAME | |
| Personal name | Флейшер, М. |
| 245 10 - TITLE STATEMENT | |
| Title | Микроскопическое определение прозрачных минералов / |
| Statement of responsibility, etc. | М. Флейшер, Р. Уилкокс, Дж. Матцко ; Пер. с англ. Т.В. Вараксиной, М.Г. Горской, Т.Н. Каминской ; Под ред. В.А. Франк-Каменецкого. |
| 260 ## - PUBLICATION, DISTRIBUTION, ETC. | |
| Place of publication, distribution, etc. | Ленинград : |
| Name of publisher, distributor, etc. | Недра. Ленингр. отд-ние, |
| Date of publication, distribution, etc. | 1987. |
| 300 ## - PHYSICAL DESCRIPTION | |
| Extent | 647 с. ; |
| Dimensions | 23 см. |
| 500 ## - GENERAL NOTE | |
| General note | Указ. минералов: с. 625-644 |
| 504 ## - BIBLIOGRAPHY, ETC. NOTE | |
| Bibliography, etc. note | Библиогр. 123 назв. |
| 534 ## - ORIGINAL VERSION NOTE | |
| Introductory phrase | Оригинал на англ. : |
| Title statement of original | Microscopic Determination of the Nonopaque Minerals / |
| Main entry of original | Michael Fleischer, Ray E. Wilcox, John J. Matzko - |
| 650 14 - SUBJECT ADDED ENTRY--TOPICAL TERM | |
| Topical term or geographic name entry element | Описательная минералогия. Специальное минераловедение |
| 650 14 - SUBJECT ADDED ENTRY--TOPICAL TERM | |
| Topical term or geographic name entry element | Минералы прозрачные |
| 700 1# - ADDED ENTRY--PERSONAL NAME | |
| Personal name | Уилкокс, Р. |
| 700 1# - ADDED ENTRY--PERSONAL NAME | |
| Personal name | Матцко, Дж. |
| 700 1# - ADDED ENTRY--PERSONAL NAME | |
| Personal name | Вараксина, Т.В. |
| Relator term | пер. |
| Relationship | trl |
| 700 1# - ADDED ENTRY--PERSONAL NAME | |
| Personal name | Горская, М.Г. |
| Relator term | пер. |
| Relationship | trl |
| 700 1# - ADDED ENTRY--PERSONAL NAME | |
| Personal name | Каминская, Т.Н. |
| Relator term | пер. |
| Relationship | trl |
| 700 1# - ADDED ENTRY--PERSONAL NAME | |
| Personal name | Франк-Каменцкий, В.А. |
| Relator term | ред. |
| Relationship | edt |
| 942 ## - ADDED ENTRY ELEMENTS (KOHA) | |
| Source of classification or shelving scheme | Universal Decimal Classification |
| Koha item type | Գրքեր / Books |
| Withdrawn status | Lost status | Source of classification or shelving scheme | Damaged status | Not for loan | Collection | Home library | Current library | Date acquired | Total checkouts | Full call number | Barcode | Date last seen | Price effective from | Koha item type | Public note |
|---|---|---|---|---|---|---|---|---|---|---|---|---|---|---|---|
| Universal Decimal Classification | General | Fundamental Scientific Library | Fundamental Scientific Library | 21/12/2016 | PII/581328 | FL0087599 | 21/12/2016 | 21/12/2016 | Գրքեր / Books | 30 Days Loan |
ՀՀ Գիտությունների ազգային ակադեմիայի հիմնարար գիտական գրադարան = Fundamental Scientific Library of NAS RA
All site content, except where otherwise noted, is licensed under a